Debut - KATSEYE - Statistics

General Stats
  • This quiz has been taken 125 times
  • The average score is 239 of 298
Answer Stats
DEBUT % Correct
I
99%
do
95%
on
95%
no
94%
a
93%
La
93%
la
93%
need
93%
don't
92%
me
88%
one
87%
that
87%
three
87%
two
87%
in
86%
we
86%
We
86%
it
85%
like
85%
the
85%
to
85%
ain't
82%
Debut
82%
Oh
82%
simple
82%
flexin'
81%
my
81%
as
80%
Love
80%
love
80%
what
80%
back
79%
best
79%
coming
79%
keep
79%
Know
79%
know
79%
right
79%
they
79%
twice
79%
just
77%
run
77%
That's
77%
it's
76%
myself
76%
once
76%
can
75%
Can
75%
friends
75%
or
75%
step
75%
up
75%
come
74%
I'll
74%
this
74%
how
73%
babe
71%
Babe
71%
Check
71%
cookie
71%
cutter
71%
make
71%
pull
71%
turn
69%
dictionary
68%
ordinary
68%
perfect
68%
scene
68%
dice
67%
nice
67%
Wanna
67%
roll
65%
you'll
65%
and
64%
Uh-huh
64%
uh-huh
64%
find
63%
gate
63%
ride
63%
time
63%
ee
62%
naughty
62%
tell
62%
at
61%
nobody
61%
some
61%
turns
61%
baddies
60%
die
60%
inside
60%
under
60%
hundred
58%
Found
57%
tryna
57%
'bout
56%
not
56%
us?
56%
bourgeoisie
55%
thru
48%
into
46%
them
21%
No matching quizzes found
Score Distribution
Percent of People with Each Score
Percentile by Number Answered
Your Score History
You have not taken this quiz